Area de Matemática 3: Libro de trabajo

Saved in:
Bibliographic Details
Main Author: Gil, José. Autor
Format: Unknown
Language:Spanish
Published: Madrid Santillana 1974
Textbook Catalogue:MANES:  Library Catalog Search Result
Textbook Classification:
Tags: Add Tag
No Tags, Be the first to tag this record!
Added to:2016-04-26
Changed in:2025-05-07

MARC

LEADER 000000000a22000000004500
001 07897
003 OSt
005 20250507133418.0
008 160427s sp ||||| |||| 00| 0 spa d
561 |5 es-CICE  |3 FMa/M251  |a España. Centro Internacional de la Cultura Escolar  |k MANES 
999 |c 13871  |d 13871 
040 |c centro_internacional de la cultura escolar  |a centro_manes 
041 1 |a spa 
100 |9 2995  |a Gil, José. Autor 
245 0 0 |a Area de Matemática 3: Libro de trabajo 
260 3 |a Madrid  |b Santillana  |c 1974 
300 |a 264 p.  |c 24 x 17 cm 
500 |a EDAD:1011 Contiene ilustraciones a color y ejercicios para el alumno 
546 |a España 
690 0 |a MATE 
691 0 |a PRI 
942 |2 ddc  |c BK 
999 |c manes:13871  |d 13871